[Event "Sabadell Coral Colon op 12th"]
[Site "Sabadell"]
[Date "2018.04.13"]
[Round "9"]
[White "Bazan Ramos, Antoni"]
[Black "Garcia Gil, Oriol"]
[Result "0-1"]
[WhiteElo "1506"]
[BlackElo "1566"]
[PlyCount "66"]
[EventDate "2018.02.09"]
[EventType "swiss"]
[EventRounds "9"]
[EventCountry "ESP"]
[SourceTitle "EXT 2019"]
[Source "ChessBase"]
[SourceDate "2018.10.10"]
[SourceVersion "1"]
[SourceVersionDate "2018.10.10"]
[SourceQuality "1"]

1. e4 c5 2. Nf3 g6 3. c3 d5 4. e5 Bg7 5. d4 Nc6 6. Bb5 Qb6 7. Ba4 Bg4 8. Nbd2 Nh6 9. Nb3 cxd4 10. cxd4 Qb4+ 11. Nbd2 Bxf3 12. Bxc6+ bxc6 13. Qxf3 Qxd4 14. 0-0 Qxe5 15. Nc4 Qf6 16. Qxf6 exf6 17. Nd6+ Ke7 18. Bf4 g5 19. Rfe1+ Kd7 20. Bg3 f5 21. f4 Bd4+ 22. Kf1 g4 23. Nb7 Rab8 24. Na5 Bxb2 25. Nb3 Bxa1 26. Rxa1 Ng8 27. Bh4 Ne7 28. Re1 Rhe8 29. Bf6 Ng6 30. Be5 Nxe5 31. fxe5 Rb5 32. Nd4 Rb4 33. Nxf5 Rf4+ 0-1

[Event "Burgos Intercajas"]
[Site "Burgos"]
[Date "2011.10.24"]
[Round "2.2"]
[White "Caballero Vargas, Alberto"]
[Black "Bazan Ramos, Antoni"]
[Result "1/2-1/2"]
[WhiteElo "1987"]
[BlackElo "1969"]
[PlyCount "58"]
[EventDate "2011.10.23"]
[EventType "swiss"]
[EventRounds "6"]
[EventCountry "ESP"]
[SourceTitle "EXT 2024"]
[Source "ChessBase"]
[SourceDate "2023.10.10"]
[SourceVersion "1"]
[SourceVersionDate "2023.10.10"]
[SourceQuality "1"]
[WhiteTeam "Castilla La Mancha"]
[BlackTeam "Sabadell Coral Colon"]
[WhiteTeamCountry "ESP"]
[BlackTeamCountry "ESP"]

1. e4 e6 2. d4 d5 3. Nd2 Nf6 4. e5 Nfd7 5. Bd3 c5 6. c3 Nc6 7. Ne2 cxd4 8. cxd4 Bb4 9. 0-0 f5 10. exf6 Nxf6 11. Nf3 Bd6 12. Bf4 0-0 13. Ne5 Nh5 14. Nxc6 bxc6 15. Be5 Bxe5 16. dxe5 Qg5 17. Nd4 Nf4 18. g3 Nxd3 19. Qxd3 Qxe5 20. Rac1 Bd7 21. b3 Rac8 22. f4 Qb8 23. Nf3 c5 24. Rfe1 Qb6 25. Kg2 Bb5 26. Qc2 h6 27. Ne5 d4 28. a4 Bc6+ 29. Kf2 Bd5 1/2-1/2

[Event "Burgos Intercajas"]
[Site "Burgos"]
[Date "2011.10.23"]
[Round "1.2"]
[White "Bazan Ramos, Antoni"]
[Black "Olaverri, Jose Luis"]
[Result "0-1"]
[WhiteElo "1969"]
[BlackElo "2089"]
[PlyCount "69"]
[EventDate "2011.10.23"]
[EventType "swiss"]
[EventRounds "6"]
[EventCountry "ESP"]
[SourceTitle "EXT 2024"]
[Source "ChessBase"]
[SourceDate "2023.10.10"]
[SourceVersion "1"]
[SourceVersionDate "2023.10.10"]
[SourceQuality "1"]
[WhiteTeam "Sabadell Coral Colon"]
[BlackTeam "KUTXA"]
[WhiteTeamCountry "ESP"]
[BlackTeamCountry "ESP"]

1. e4 c5 2. Nf3 g6 3. Bc4 Bg7 4. Nc3 Nc6 5. 0-0 d6 6. Ne2 Nf6 7. Ng3 0-0 8. c3 Bg4 9. d3 Ne5 10. Bb3 Qc8 11. Bf4 Nxf3+ 12. gxf3 Bh3 13. Re1 b5 14. e5 dxe5 15. Bxe5 Rd8 16. Qe2 e6 17. Bc2 a6 18. Rad1 Ra7 19. d4 Rad7 20. dxc5 Qxc5 21. Rxd7 Rxd7 22. Bxf6 Bxf6 23. Ne4 Qe7 24. Qe3 Bf5 25. Rd1 Rxd1+ 26. Bxd1 Qd8 27. Be2 Bg7 28. Ng3 Qh4 29. Qb6 Qa4 30. Qd8+ Bf8 31. Nxf5 exf5 32. b3 Qxa2 33. Qd1 Qb2 34. c4 Qe5 35. Qd5 0-1